Nada del otro mundo... (Registro nro. 3048)
[ vista simple ]
| 000 -LEADER | |
|---|---|
| fixed length control field | 01355nam a2200205 a 4500 |
| 008 - CAMPO DE CONTROL (LIBRO) | |
| fixed length control field | 190916s2013 ag ||||gr|||| 000 1 s d |
| 020 ## - INTERNATIONAL STANDARD BOOK NUMBER | |
| ISBN | 9789504936725 |
| 041 ## - CODIGO DE IDIOMA | |
| Código de idioma del texto/pista de sonido o título separado | spa |
| 092 ## - SIGNATURA TOPOGRAFICA DEWEY LOCAL | |
| número de clasificación | 808 |
| libristica | 26 |
| sección | FON |
| 100 1# - ENTRADA PRINCIPAL--NOMBRE PERSONAL | |
| Nombre personal | Fontanarrosa, Roberto. |
| 9 (RLIN) | 4089 |
| 245 ## - TITULO PROPIAMENTE DICHO | |
| Título | Nada del otro mundo... |
| Subtítulo y Título paralelo | y otros cuentos / |
| Mención de responsabilidad y remanente de la transcripción de la portada | Roberto Fontanarrosa |
| 250 ## - MENCION DE EDICION | |
| Mención de edición | 1a ed. |
| 260 ## - PIE DE IMPRENTA | |
| Lugar de publicación, distribución, etc | Buenos Aires: |
| Nombre de la editorial, distribuidor, etc | Planeta; |
| Fecha de publicación | 2013. |
| 300 ## - DESCRIPCION FISICA | |
| Extension | 264 p. |
| Otros detalles físicos | 21x13 cm |
| 500 ## - NOTA GENERAL | |
| Nota general | Fontanarrosa, R. (2013). Nada del otro mundo...y otros cuentos. (1a ed.). Buenos Aires : Planeta. |
| 505 ## - NOTA DE CONTENIDO | |
| Nota de contenido formateada | "Hay partidos que no podés perder, tenés que ganar o ganar. No hay tutía. Entonces si a mí me decían que tenía que matar a mi vieja, que había que hacer cagar al presidente Kennedy, me daba lo mismo, hermano. Hay partidos que no se pueden perder". El año 1971 fue memorable para Rosario Central que, por primera vez en su historia, salió campeón. Gracias al gol de palomita de Algo Poy en el clásico rosario Newell's Central, los "leprosos" de Newell's quedaron eliminados en la semifinal. En honor a esa histórica jornada el "Negro" ferviente canalla, escribió el cuento "19 de septiembre de 1971" incluido en este volumen. Nada del otro mundo y otros cuentos es el tercer libro de Fontanarrosa. |
| 590 ## - NOTAS LOCALES (RLIN) | |
| Nota local | Donación septiembre 2019. |
| 655 ## - MATERIA - GENERO/FORMA | |
| Género/Forma | Literatura |
| -- | 2917 |
| 942 ## - ADDED ENTRY ELEMENTS (KOHA) | |
| Source of classification or shelving scheme | Dewey Decimal Classification |
| Item type | LITERATURA |
| Estado de retiro | Existencia | Fuente de clasificación | Estado general | No para prestamo | Ubicación permanente | ubicación actual | Sala de ubicación | Fecha de adquisición | Fuente de adquisición | Total Checkouts | Número de clasificación | Código de barras | Date last seen | Número de ejemplar | Price effective from | Koha tipo de elemento (item) | Public note |
|---|---|---|---|---|---|---|---|---|---|---|---|---|---|---|---|---|---|
| Dewey Decimal Classification | Biblioteca Medicina | Biblioteca Medicina | Circulación | 16/09/2019 | Donación septiembre 2019. | 808 26 FON | 4581 | 16/09/2019 | Ej. 1 | 16/09/2019 | LITERATURA | Proyecto 4to libro Donación . Septiembre 2019. |